004460000a22001210004500090001700000245009600017041001400113700002700127100003400154942001300188773010600201999001700307 aASbSeriadas10aNueva especie del género Sturnira () de los Andes colombianos0 aEspañol1 aCadena, Alberto9219771 aContreras Vega, Mario999094 cARTICULO1 tRevista de la Academia Colombiana de Ciencias Exactas, Fisicas y Naturales332h91q285-287d2000g24 c14063d14063